Statistics for All Ballen'Dor Winners

Click here to take the quiz!

General Stats

  • This quiz has been taken 70 times
  • The average score is 28 of 68

Answer Stats

HintAnswer% Correct
2016Cristiano Ronaldo
98%
2013Cristiano Ronaldo
98%
2014Cristiano Ronaldo
98%
2008Cristiano Ronaldo
98%
2017Cristiano Ronaldo
98%
2010Lionel Messi
98%
2009Lionel Messi
98%
2015Lionel Messi
98%
2011Lionel Messi
98%
2012Lionel Messi
98%
2019Lionel Messi
98%
2021Lionel Messi
98%
2002Ronaldo
98%
1997Ronaldo
98%
2018Luka Modric
88%
2022Karim Benzema
85%
2005Ronaldinho
69%
1971Johan Cruyff
54%
1973Johan Cruyff
54%
1974Johan Cruyff
54%
2023(Guess)Robert Lewandowski
54%
2007Kaka
48%
1988Marco Van Basten
48%
1989Marco Van Basten
48%
1992Marco Van Basten
48%
1998Zinedine Zidane
44%
1963Lev Yashin
42%
2001Micheal owen
42%
1959Alfredo Di Stefano
37%
1957Alfredo Di Stefano
37%
1966Bobby Charlton
37%
2006Fabio Cannavaro
35%
1976Franz Beckenbauer
35%
1999Rivaldo
31%
2003Pavel Nedved
29%
1987Ruud Gullit
29%
1970Gerd Muller
27%
2000Luis Figo
27%
1985Michel Platini
27%
1984Michel Platini
27%
1983Michel Platini
27%
2004Andriy Shevchenko
25%
1968George Best
25%
1995George Weah
23%
1956Stanley Matthews
17%
1960Luis Suarez
15%
1964Dennis law
13%
1979Kevin Keegan
13%
1978Kevin Keegan
13%
1993Roberto Baggio
13%
1991Jean-Pierre Papin
12%
1982Paolo Rossi
12%
1994Hristo Stoichkov
10%
1981Karl-Heinz Rummenigge
8%
1980Karl-Heinz Rummenigge
8%
1958Raymond kopa
6%
1996Matthias Sammer
4%
2020Not Awarded
4%
1962Joseph Masopust
2%
1975Oleh Blokhin
2%
1977Allan Simonsen
0%
1965Eusabio
0%
1967Florian Albert
0%
1972Franz Beckanbauer
0%
1969Gianni Riveria
0%
1986Igor Belanov
0%
1990Lothar Mautthaus
0%
1961Omar Sivori
0%

Score Distribution

Percentile by Number Answered

Percent of People with Each Score

Your Score History

You have not taken this quiz